00654nam a2200181 a 450000100100000000500170001000800410002704000250006808200130009310000280010624500920013426000520022630000210027870000300029904900090032995201170033899900170045500002587620200930024123.0110223s1938 xxu r 000 0 spa d aDO-SdBNPbspacBNPHU ann*bnn*1 aRobertson, A. T.95272410aÉpocas en la vida del apostol Juan /cA. T. Robertson ; traducción de Sara A. Hale. aTexas :bCasa Bautista de Publicaciones,c1938. a255 p. ;c20 cm.1 aHale, Sara A.,etr.94421 aBNGR 001054708MOaGRbGRcCTd2011-02-23iLF1l0onn* nn*p25876-10r2020-06-25w2020-06-25y4ZPréstamo en sala c25368d25368